Feminist explorations of Paul Ricoeur's philosophy /

Bibliographic Details
Other Authors: Halsema, Annemie, 1962- (Editor), Henriques, Fernanda (Editor)
Format: Book
Language:English
Published: Lanham : Lexington Books, [2016]
Series:Studies in the thought of Paul Ricoeur.
Subjects:

MARC

Tag First Indicator Second Indicator Subfields
LEADER 00000cam a2200000 i 4500
001 in00003758421
005 20170927140609.0
008 160502s2016 mdu b 001 0 eng
010 |a  2016020737 
020 |a 9781498513685  |q hardcover  |q alkaline paper 
020 |a 1498513689  |q hardcover  |q alkaline paper 
020 |a 9781498513708 (pbk. : alk. paper) 
020 |a 1498513700 (pbk. : alk. paper) 
024 8 |a 40026149577 
035 |a (OCoLC)ocn942707498 
035 |a (OCoLC)942707498 
040 |a DLC  |b eng  |e rda  |c DLC  |d YDX  |d YDXCP  |d BTCTA  |d BDX  |d OCLCF  |d OCLCO  |d UtOrBLW 
042 |a pcc 
049 |a TXAM 
050 0 0 |a B2430.R554  |b F46 2016 
082 0 0 |a 194  |2 23 
245 0 0 |a Feminist explorations of Paul Ricoeur's philosophy /  |c edited by Annemie Halsema and Fernanda Henriques. 
264 1 |a Lanham :  |b Lexington Books,  |c [2016] 
300 |a viii, 267 pages ;  |c 24 cm. 
336 |a text  |b txt  |2 rdacontent 
337 |a unmediated  |b n  |2 rdamedia 
338 |a volume  |b nc  |2 rdacarrier 
490 1 |a Studies in the thought of Paul Ricoeur 
504 |a Includes bibliographical references and index. 
600 1 0 |a Ricœur, Paul.  |0 http://id.loc.gov/authorities/names/n79056642 
600 1 7 |a Ricœur, Paul.  |2 fast  |0 (OCoLC)fst00035920 
650 0 |a Feminist theory.  |0 http://id.loc.gov/authorities/subjects/sh90002282 
650 0 |a Feminist criticism.  |0 http://id.loc.gov/authorities/subjects/sh87002168 
650 7 |a Feminist criticism.  |2 fast  |0 (OCoLC)fst00922759 
650 7 |a Feminist theory.  |2 fast  |0 (OCoLC)fst00922816 
700 1 |a Halsema, Annemie,  |d 1962-  |e editor.  |0 http://id.loc.gov/authorities/names/n98067501 
700 1 |a Henriques, Fernanda,  |e editor.  |0 http://id.loc.gov/authorities/names/n98068378 
776 0 8 |i Online version:  |t Feminist explorations of Paul Ricoeur's philosophy  |d Lanham : Lexington Books, 2016  |z 9781498513692  |w (DLC) 2016021164 
830 0 |a Studies in the thought of Paul Ricoeur.  |0 http://id.loc.gov/authorities/names/no2013008337 
945 |b 694369 
947 |a A14843422321 
994 |a 92  |b TXA 
948 |a Cataloged  |b h  |c 2016/7/7  |d c  |e AReeder 
999 f f |s e92976d4-da7a-3012-b2cc-f0bfa5c9c796  |i 23ed1516-44ec-3306-ab81-f03783aa9915  |t 0 
952 f f |p normal  |a Texas A&M University  |b College Station  |c Sterling C. Evans Library  |d Evans: Library Stacks  |t 0  |e B2430.R554 F46 2016  |h Library of Congress classification  |i unmediated -- volume  |m A14843422321 
998 f f |a B2430.R554 F46 2016  |t 0  |l Evans: Library Stacks